LEADER 01071nam0 22002531i 450 001 SUN0039837 005 20070503120000.0 010 $a88-14-00696-2 100 $a20051220d1985 |0itac50 ba 101 $aita 102 $aIT 105 $a|||| ||||| 200 1 $aServizio sanitario e libertà religiosa nell'ordinamento italiano$fLuigi Vannicelli 210 $aMilano$cGiuffrè$dc1985 215 $a179 p.$d26 cm. 410 1$1001SUN0003633$12001 $aPubblicazioni della Facoltà di giurisprudenza, Dipartimento di scienze giuridiche, Università di Modena. N. S$v7$1210 $aMilano$cGiuffrè$d1984-. 620 $dMilano$3SUNL000284 700 1$aVannicelli$b, Luigi$3SUNV032984$0206265 712 $aGiuffrè$3SUNV001757$4650 801 $aIT$bSOL$c20181231$gRICA 912 $aSUN0039837 950 $aUFFICIO DI BIBLIOTECA DEL DIPARTIMENTO DI GIURISPRUDENZA$d00CONS VIII.Eo.607 $e00 31212 20051220 996 $aServizio sanitario e liberta religiosa nell'ordinamento italiano$964851 997 $aUNICAMPANIA